000 00213nam a2200085 4500
001 1257644
005 20260217133926.0
245 _aDEVETTEN İMPARATORLUĞA SULTAN 1. MURAT
_cİSMAİL BİLGİN
260 _bERDEM ÇOCUK
999 _c1257644
_d1257644